000
00282 a2200145 4500
001
159579
020
_a
040
_c
Magnum
100
_a
Mcauley, Karen
240
1
0
_a
Golda meir
_l
por
245
1
0
_a
Golda meir
362
0
_a
1899
697
_a
MAGNITO: BIOGRAFIA
942
_c
BK
999
_c
159579
_d
159579